| 000 | 01373nam a22002775i 4500 | ||
|---|---|---|---|
| 001 | 157645 | ||
| 003 | ES-MaACL | ||
| 005 | 20251003185627.0 | ||
| 008 | 040906s1843 sp |||| | spa d | ||
| 040 |
_aCAM _bspa _cCAM |
||
| 080 | _a821.133.1-23"18" | ||
| 100 | 1 |
_aLeuven, Adolphe de. _9138026 |
|
| 245 | 1 | 0 |
_aCaer en el garlito _b: comedia en tres actos / _cescrita en francés por Leuven y Brunswick; traducida al español por I. Gil y A.M. de Ojeda. |
| 260 |
_aMadrid : _b[s.n., _cs.a.] ( _fImprenta de Joaquín Merás y Compañía) |
||
| 300 |
_a27 p. ; _c26 cm. |
||
| 490 | 1 | _aMuseo dramático ó Colección de comedias del teatro extranjero representadas en los principales de la corte | |
| 500 | _aRepresentada por primera vez en el teatro del Príncipe el día 3 de septiembre 1843. | ||
| 594 | _aTit. y mención de responsabilidad tomados de la primera pag. | ||
| 596 | _aPie de imp. consta en colofón. | ||
| 700 | 1 |
_aBrunswick, Léon-Lévy. _9138030 |
|
| 700 | 1 |
_aGil y Baus, Isidoro, _d1814-1866 _956736 |
|
| 700 | 1 |
_aOjeda, Antonio María de. _9149486 |
|
| 830 | 0 | 0 |
_aMuseo dramático ó Colección de comedias del teatro estranjero representadas en los principales teatros de la corte _9242030 |
| 852 |
_aES-MaACL _jF-7489(15) _z-- Enc. hol. _q-- Falto de la cub. original _z-- Enc. en un vol. facticio |
||
| 999 |
_c157645 _d157645 |
||